|
|
|
|
| LEADER |
01032nam a2200253 a 4500 |
| 001 |
1088605 |
| 008 |
090531r19981992si a b 001 0 eng d |
| 010 |
|
|
|a 92030895
|
| 020 |
|
|
|a 9971503360
|
| 020 |
|
|
|a 9971503379 (pbk.)
|
| 040 |
|
|
|a DLC
|c DLC
|d DLC
|
| 082 |
0 |
0 |
|a 530.4/1
|2 20
|
| 100 |
1 |
|
|a Enz, Charles P.
|q (Charles Paul),
|d 1925-
|
| 245 |
1 |
2 |
|a A course on many-body theory applied to solid-state physics /
|c Charles P. Enz.
|
| 260 |
|
|
|a Singapore ;
|a River Edge, N.J. :
|b World Scientific,
|c c1992[reprinted 1998].
|
| 300 |
|
|
|a ix, 427 p. :
|b ill. ;
|c 23 cm.
|
| 490 |
1 |
|
|a Lecture notes in physics ;
|v v. 11
|
| 504 |
|
|
|a Includes bibliographical references and indexes.
|
| 541 |
1 |
|
|e 00014641
|
| 650 |
|
0 |
|a Solid state physics.
|
| 650 |
|
0 |
|a Many-body problem.
|
| 852 |
4 |
|
|a Ayesha Abed Library
|j General Shelf.
|
| 999 |
|
|
|c 1054
|d 1054
|
| 952 |
|
|
|0 0
|1 0
|2 ddc
|4 0
|6 530_410000000000000_ENZ_1992
|7 0
|9 957
|a BRACUL
|b BRACUL
|c GEN
|d 2009-06-24
|g 0.00
|l 0
|o 530.41 ENZ
|p 3010014641
|r 2009-06-24
|t 1
|w 2009-06-24
|y BK
|x No price found in the accession register.
|